[Event "DEM U18 2024"]
[Site "Willingen GER"]
[Date "2024.05.25"]
[Round "9"]
[White "Hoffmann, Kay"]
[Black "Storm, Max"]
[Result "1/2-1/2"]
[Termination "normal"]
[Board "13"]
[WhiteElo "2047"]
[BlackElo "1903"]
[WhiteClock "00:01:39"]
[BlackClock "00:02:23"]
[PlyCount "228"]
[WhiteFideId "16227000"]
[BlackFideId "34625658"]
[EventCountry "GER"]
[EventRounds "9"]
[EventType "swiss"]
[EventDate "2024.05.18"]

1. d4 {[%clk 01:30:58]} Nf6 {[%clk 01:30:55]} {[%emt 00:00:05]} 2. c4 {[%clk
01:31:25]} {[%emt 00:00:04]} c6 {[%clk 01:31:21]} {[%emt 00:00:04]} 3. Nc3
{[%clk 01:31:03]} {[%emt 00:00:52]} d5 {[%clk 01:31:40]} {[%emt 00:00:11]} 4.
cxd5 {[%clk 01:31:24]} {[%emt 00:00:09]} cxd5 {[%clk 01:32:02]} {[%emt
00:00:08]} 5. Nf3 {[%clk 01:31:47]} {[%emt 00:00:07]} a6 {[%clk 01:30:41]}
{[%emt 00:01:52]} 6. Bf4 {[%clk 01:31:24]} {[%emt 00:00:52]} Nc6 {[%clk
01:22:11]} {[%emt 00:08:59]} 7. e3 {[%clk 01:31:21]} {[%emt 00:00:34]} Bf5
{[%clk 01:20:39]} {[%emt 00:02:01]} 8. Be2 {[%clk 01:22:25]} {[%emt 00:09:27]}
e6 {[%clk 01:18:38]} {[%emt 00:02:31]} 9. O-O {[%clk 01:11:36]} {[%emt
00:11:19]} Be7 {[%clk 01:16:52]} {[%emt 00:02:15]} 10. h3 {[%clk 01:10:45]}
{[%emt 00:01:22]} Ne4 {[%clk 01:14:46]} {[%emt 00:02:35]} 11. Nd2 {[%clk
01:00:27]} {[%emt 00:10:48]} Nd6 {[%clk 01:10:43]} {[%emt 00:04:33]} 12. Na4
{[%clk 00:54:52]} {[%emt 00:06:05]} O-O {[%clk 00:52:00]} {[%emt 00:19:13]} 13.
Rc1 {[%clk 00:49:51]} {[%emt 00:05:31]} Rc8 {[%clk 00:46:27]} {[%emt 00:06:03]}
14. Nc5 {[%clk 00:48:16]} {[%emt 00:02:05]} Rc7 {[%clk 00:41:05]} {[%emt
00:05:53]} 15. Qa4 {[%clk 00:44:16]} {[%emt 00:04:30]} Qc8 {[%clk 00:34:52]}
{[%emt 00:06:43]} 16. b4 {[%clk 00:35:55]} {[%emt 00:08:51]} f6 {[%clk
00:29:41]} {[%emt 00:05:40]} 17. Qb3 {[%clk 00:30:54]} {[%emt 00:05:31]} Kh8
{[%clk 00:28:20]} {[%emt 00:01:51]} 18. Nf3 {[%clk 00:24:00]} {[%emt 00:07:24]}
g5 {[%clk 00:25:56]} {[%emt 00:02:55]} 19. Bg3 {[%clk 00:24:11]} {[%emt
00:00:19]} b5 {[%clk 00:22:49]} {[%emt 00:03:37]} 20. a4 {[%clk 00:17:45]}
{[%emt 00:06:56]} Rg8 {[%clk 00:17:09]} {[%emt 00:06:09]} 21. Nxa6 {[%clk
00:15:00]} {[%emt 00:03:15]} Nxd4 {[%clk 00:13:14]} {[%emt 00:04:26]} 22. Rxc7
{[%clk 00:14:43]} {[%emt 00:00:47]} Nxb3 {[%clk 00:10:46]} {[%emt 00:02:57]}
23. Rxc8 {[%clk 00:15:06]} {[%emt 00:00:07]} Rxc8 {[%clk 00:11:13]} {[%emt
00:00:03]} 24. Bxb5 {[%clk 00:07:50]} {[%emt 00:07:47]} Nxb5 {[%clk 00:09:30]}
{[%emt 00:02:13]} 25. axb5 {[%clk 00:08:18]} {[%emt 00:00:02]} Bd3 {[%clk
00:09:53]} {[%emt 00:00:06]} 26. Rd1 {[%clk 00:07:10]} {[%emt 00:01:38]} Bxb5
{[%clk 00:10:02]} {[%emt 00:00:21]} 27. Nc7 {[%clk 00:07:34]} {[%emt 00:00:07]}
Bc4 {[%clk 00:06:32]} {[%emt 00:03:59]} 28. b5 {[%clk 00:07:09]} {[%emt
00:00:56]} Bc5 {[%clk 00:05:58]} {[%emt 00:01:03]} 29. Nxe6 {[%clk 00:06:25]}
{[%emt 00:01:15]} Bxb5 {[%clk 00:06:01]} {[%emt 00:00:26]} 30. Nc7 {[%clk
00:02:33]} {[%emt 00:04:22]} Bc4 {[%clk 00:05:12]} {[%emt 00:01:20]} 31. Nxd5
{[%clk 00:02:26]} {[%emt 00:00:37]} Rd8 {[%clk 00:05:26]} {[%emt 00:00:15]} 32.
e4 {[%clk 00:02:51]} {[%emt 00:00:05]} Kg7 {[%clk 00:04:00]} {[%emt 00:01:56]}
33. Nd2 {[%clk 00:01:13]} {[%emt 00:02:08]} Be2 {[%clk 00:02:22]} {[%emt
00:02:08]} 34. Nxb3 {[%clk 00:01:32]} {[%emt 00:00:12]} Bxf2+ {[%clk 00:02:44]}
{[%emt 00:00:08]} 35. Kxf2 {[%clk 00:01:48]} {[%emt 00:00:14]} Bxd1 {[%clk
00:03:10]} {[%emt 00:00:03]} 36. Nd4 {[%clk 00:02:03]} {[%emt 00:00:15]} Ra8
{[%clk 00:02:27]} {[%emt 00:01:12]} 37. Nf5+ {[%clk 00:01:37]} {[%emt
00:00:57]} Kg6 {[%clk 00:02:23]} {[%emt 00:00:34]} 38. Nc3 {[%clk 00:00:52]}
{[%emt 00:01:15]} Bc2 {[%clk 00:02:25]} {[%emt 00:00:28]} 39. Bd6 {[%clk
00:01:01]} {[%emt 00:00:22]} Rd8 {[%clk 00:00:47]} {[%emt 00:02:08]} 40. Ke3
{[%clk 00:01:07]} {[%emt 00:00:23]} Bb3 {[%clk 00:00:35]} {[%emt 00:00:43]} 41.
g4 {[%clk 00:29:05]} {[%emt 00:02:32]} h5 {[%clk 00:23:18]} {[%emt 00:07:47]}
42. gxh5+ {[%clk 00:25:22]} {[%emt 00:04:13]} Kxh5 {[%clk 00:20:53]} {[%emt
00:02:55]} 43. Be7 {[%clk 00:25:40]} {[%emt 00:00:12]} Rd7 {[%clk 00:19:59]}
{[%emt 00:01:23]} 44. Bxf6 {[%clk 00:25:16]} {[%emt 00:00:55]} Bc4 {[%clk
00:19:23]} {[%emt 00:01:06]} 45. Bd4 {[%clk 00:24:32]} {[%emt 00:01:14]} Kg6
{[%clk 00:18:17]} {[%emt 00:01:36]} 46. Ng3 {[%clk 00:18:48]} {[%emt 00:06:14]}
Be6 {[%clk 00:16:26]} {[%emt 00:02:20]} 47. e5 {[%clk 00:15:14]} {[%emt
00:04:05]} Bxh3 {[%clk 00:16:18]} {[%emt 00:00:38]} 48. Nge4 {[%clk 00:15:01]}
{[%emt 00:00:42]} Bf5 {[%clk 00:12:30]} {[%emt 00:04:18]} 49. Nc5 {[%clk
00:14:09]} {[%emt 00:01:23]} Rh7 {[%clk 00:12:13]} {[%emt 00:00:46]} 50. Nd5
{[%clk 00:13:28]} {[%emt 00:01:12]} Rh3+ {[%clk 00:11:17]} {[%emt 00:01:26]}
51. Kf2 {[%clk 00:13:22]} {[%emt 00:00:36]} Rh7 {[%clk 00:08:49]} {[%emt
00:02:57]} 52. Be3 {[%clk 00:09:23]} {[%emt 00:04:30]} g4 {[%clk 00:06:30]}
{[%emt 00:02:48]} 53. Nf4+ {[%clk 00:07:51]} {[%emt 00:02:03]} Kf7 {[%clk
00:06:32]} {[%emt 00:00:28]} 54. Nb7 {[%clk 00:07:27]} {[%emt 00:00:54]} Bd7
{[%clk 00:04:14]} {[%emt 00:02:47]} 55. Kg3 {[%clk 00:06:49]} {[%emt 00:01:09]}
Rh1 {[%clk 00:03:58]} {[%emt 00:00:45]} 56. e6+ {[%clk 00:04:14]} {[%emt
00:03:06]} Bxe6 {[%clk 00:04:23]} {[%emt 00:00:06]} 57. Nd8+ {[%clk 00:04:40]}
{[%emt 00:00:03]} Ke7 {[%clk 00:04:35]} {[%emt 00:00:17]} 58. Ndxe6 {[%clk
00:05:04]} {[%emt 00:00:07]} Re1 {[%clk 00:04:18]} {[%emt 00:00:47]} 59. Bc5+
{[%clk 00:05:25]} {[%emt 00:00:09]} Kf6 {[%clk 00:03:39]} {[%emt 00:01:08]} 60.
Nd4 {[%clk 00:03:28]} {[%emt 00:02:27]} Rc1 {[%clk 00:03:36]} {[%emt 00:00:33]}
61. Bb6 {[%clk 00:03:29]} {[%emt 00:00:29]} Rb1 {[%clk 00:03:37]} {[%emt
00:00:29]} 62. Bd8+ {[%clk 00:03:49]} {[%emt 00:00:11]} Ke5 {[%clk 00:03:05]}
{[%emt 00:01:01]} 63. Nfe2 {[%clk 00:03:40]} {[%emt 00:00:39]} Rb7 {[%clk
00:01:47]} {[%emt 00:01:47]} 64. Kxg4 {[%clk 00:02:47]} {[%emt 00:01:24]} Rb4
{[%clk 00:00:52]} {[%emt 00:01:24]} 65. Kg5 {[%clk 00:02:51]} {[%emt 00:00:27]}
Rb1 {[%clk 00:00:46]} {[%emt 00:00:36]} 66. Bf6+ {[%clk 00:03:12]} {[%emt
00:00:10]} Kd6 {[%clk 00:01:07]} {[%emt 00:00:10]} 67. Bd8 {[%clk 00:02:53]}
{[%emt 00:00:49]} Kd7 {[%clk 00:01:20]} {[%emt 00:00:15]} 68. Bf6 {[%clk
00:03:15]} {[%emt 00:00:09]} Kd6 {[%clk 00:01:41]} {[%emt 00:00:09]} 69. Nf5+
{[%clk 00:03:05]} {[%emt 00:00:40]} Ke6 {[%clk 00:01:55]} {[%emt 00:00:16]} 70.
Nf4+ {[%clk 00:03:21]} {[%emt 00:00:13]} Kd7 {[%clk 00:02:13]} {[%emt
00:00:13]} 71. Nd4 {[%clk 00:03:34]} {[%emt 00:00:18]} Kd6 {[%clk 00:02:23]}
{[%emt 00:00:20]} 72. Kf5 {[%clk 00:03:56]} {[%emt 00:00:07]} Rh1 {[%clk
00:02:24]} {[%emt 00:00:28]} 73. Bg7 {[%clk 00:03:46]} {[%emt 00:00:41]} Kc5
{[%clk 00:02:43]} {[%emt 00:00:11]} 74. Ke4 {[%clk 00:02:49]} {[%emt 00:01:27]}
Kc4 {[%clk 00:03:04]} {[%emt 00:00:09]} 75. Nf3 {[%clk 00:03:04]} {[%emt
00:00:15]} Rh7 {[%clk 00:03:14]} {[%emt 00:00:20]} 76. Bd4 {[%clk 00:03:02]}
{[%emt 00:00:32]} Rh1 {[%clk 00:02:28]} {[%emt 00:01:15]} 77. Nd2+ {[%clk
00:03:05]} {[%emt 00:00:28]} Kb5 {[%clk 00:02:42]} {[%emt 00:00:17]} 78. Nd3
{[%clk 00:02:19]} {[%emt 00:01:15]} Rh4+ {[%clk 00:03:01]} {[%emt 00:00:11]}
79. Nf4 {[%clk 00:02:44]} {[%emt 00:00:04]} Rh1 {[%clk 00:03:27]} {[%emt
00:00:04]} 80. Nf3 {[%clk 00:01:21]} {[%emt 00:01:54]} Kc4 {[%clk 00:03:03]}
{[%emt 00:00:54]} 81. Nd3 {[%clk 00:01:31]} {[%emt 00:00:20]} Rh7 {[%clk
00:02:59]} {[%emt 00:00:32]} 82. Nfe5+ {[%clk 00:01:50]} {[%emt 00:00:11]} Kb3
{[%clk 00:03:05]} {[%emt 00:00:24]} 83. Nf2 {[%clk 00:01:11]} {[%emt 00:01:09]}
Rh4+ {[%clk 00:03:20]} {[%emt 00:00:14]} 84. Nfg4 {[%clk 00:01:36]} {[%emt
00:00:05]} Rh1 {[%clk 00:03:23]} {[%emt 00:00:28]} 85. Nd3 {[%clk 00:01:28]}
{[%emt 00:00:38]} Rh4 {[%clk 00:03:21]} {[%emt 00:00:32]} 86. Ndf2 {[%clk
00:01:19]} {[%emt 00:00:39]} Kc4 {[%clk 00:03:28]} {[%emt 00:00:24]} 87. Bf6
{[%clk 00:01:38]} {[%emt 00:00:11]} Rh7 {[%clk 00:03:46]} {[%emt 00:00:12]} 88.
Ne5+ {[%clk 00:01:58]} {[%emt 00:00:11]} Kc5 {[%clk 00:03:25]} {[%emt
00:00:50]} 89. Nfd3+ {[%clk 00:02:16]} {[%emt 00:00:12]} Kd6 {[%clk 00:03:18]}
{[%emt 00:00:37]} 90. Kd4 {[%clk 00:01:41]} {[%emt 00:01:05]} Rh1 {[%clk
00:03:36]} {[%emt 00:00:12]} 91. Bd8 {[%clk 00:01:53]} {[%emt 00:00:18]} Ke6
{[%clk 00:03:44]} {[%emt 00:00:21]} 92. Ke4 {[%clk 00:01:20]} {[%emt 00:01:04]}
Kd6 {[%clk 00:03:58]} {[%emt 00:00:15]} 93. Nc4+ {[%clk 00:01:31]} {[%emt
00:00:18]} Kd7 {[%clk 00:04:15]} {[%emt 00:00:13]} 94. Bg5 {[%clk 00:01:55]}
{[%emt 00:00:07]} Kc6 {[%clk 00:04:28]} {[%emt 00:00:17]} 95. Kd4 {[%clk
00:01:59]} {[%emt 00:00:27]} Rh5 {[%clk 00:04:01]} {[%emt 00:00:55]} 96. Nce5+
{[%clk 00:01:43]} {[%emt 00:00:48]} Kb5 {[%clk 00:04:19]} {[%emt 00:00:12]} 97.
Be7 {[%clk 00:01:52]} {[%emt 00:00:21]} Rh1 {[%clk 00:04:25]} {[%emt 00:00:23]}
98. Bc5 {[%clk 00:02:02]} {[%emt 00:00:21]} Rh4+ {[%clk 00:04:13]} {[%emt
00:00:41]} 99. Kd5 {[%clk 00:02:26]} {[%emt 00:00:07]} Rh5 {[%clk 00:04:36]}
{[%emt 00:00:06]} 100. Bd6 {[%clk 00:02:49]} {[%emt 00:00:07]} Rh1 {[%clk
00:04:39]} {[%emt 00:00:27]} 101. Nf3 {[%clk 00:03:05]} {[%emt 00:00:14]} Rd1
{[%clk 00:04:49]} {[%emt 00:00:19]} 102. Nd4+ {[%clk 00:03:31]} {[%emt
00:00:06]} Kb6 {[%clk 00:04:49]} {[%emt 00:00:28]} 103. Nc5 {[%clk 00:03:52]}
{[%emt 00:00:10]} Rh1 {[%clk 00:04:29]} {[%emt 00:00:51]} 104. Be7 {[%clk
00:03:37]} {[%emt 00:00:46]} Rh5+ {[%clk 00:04:41]} {[%emt 00:00:16]} 105. Kc4
{[%clk 00:03:59]} {[%emt 00:00:08]} Rh8 {[%clk 00:03:43]} {[%emt 00:01:28]}
106. Bf6 {[%clk 00:04:08]} {[%emt 00:00:21]} Rg8 {[%clk 00:03:01]} {[%emt
00:01:11]} 107. Kb4 {[%clk 00:04:09]} {[%emt 00:00:31]} Rg1 {[%clk 00:01:01]}
{[%emt 00:02:30]} 108. Bd8+ {[%clk 00:03:49]} {[%emt 00:00:50]} Ka7 {[%clk
00:01:25]} {[%emt 00:00:05]} 109. Nb5+ {[%clk 00:04:13]} {[%emt 00:00:07]} Kb8
{[%clk 00:01:22]} {[%emt 00:00:31]} 110. Ka5 {[%clk 00:04:15]} {[%emt
00:00:29]} Kc8 {[%clk 00:01:42]} {[%emt 00:00:09]} 111. Bc7 {[%clk 00:04:06]}
{[%emt 00:00:40]} Rb1 {[%clk 00:01:48]} {[%emt 00:00:24]} 112. Be5 {[%clk
00:01:11]} {[%emt 00:03:25]} Kd8 {[%clk 00:02:03]} {[%emt 00:00:15]} 113. Bf6+
{[%clk 00:01:35]} {[%emt 00:00:06]} Kc8 {[%clk 00:02:14]} {[%emt 00:00:18]}
114. Nd6+ {[%clk 00:01:39]} {[%emt 00:00:27]} Kc7 {[%clk 00:02:23]} {[%emt
00:00:21]} 1/2-1/2

[Event "DEM U18 2024"]
[Site "Willingen GER"]
[Date "2024.05.25"]
[Round "9"]
[White "Passin, Connor"]
[Black "Morczynski, Joachim"]
[Result "1/2-1/2"]
[Termination "normal"]
[Board "14"]
[WhiteElo "1882"]
[BlackElo "1980"]
[WhiteClock "00:16:47"]
[BlackClock "00:28:48"]
[PlyCount "81"]
[WhiteFideId "16259459"]
[BlackFideId "16209745"]
[EventCountry "GER"]
[EventRounds "9"]
[EventType "swiss"]
[EventDate "2024.05.18"]

1. e4 {[%clk 01:30:57]} {[%emt 00:00:04]} c5 {[%clk 01:30:55]} {[%emt
00:00:05]} 2. Nc3 {[%clk 01:31:19]} {[%emt 00:00:08]} Nc6 {[%clk 01:31:20]}
{[%emt 00:00:06]} 3. f4 {[%clk 01:31:27]} {[%emt 00:00:21]} g6 {[%clk
01:31:44]} {[%emt 00:00:06]} 4. Nf3 {[%clk 01:31:52]} {[%emt 00:00:05]} Bg7
{[%clk 01:31:59]} {[%emt 00:00:14]} 5. Bb5 {[%clk 01:32:00]} {[%emt 00:00:22]}
Nd4 {[%clk 01:31:49]} {[%emt 00:00:41]} 6. O-O {[%clk 01:32:18]} {[%emt
00:00:11]} Nxb5 {[%clk 01:30:14]} {[%emt 00:02:06]} 7. Nxb5 {[%clk 01:32:43]}
{[%emt 00:00:06]} a6 {[%clk 01:28:56]} {[%emt 00:01:48]} 8. Nc3 {[%clk
01:32:53]} {[%emt 00:00:20]} e6 {[%clk 01:27:56]} {[%emt 00:01:28]} 9. e5
{[%clk 01:31:19]} {[%emt 00:02:04]} d5 {[%clk 01:27:55]} {[%emt 00:00:32]} 10.
d4 {[%clk 01:30:43]} {[%emt 00:01:06]} cxd4 {[%clk 01:26:35]} {[%emt 00:01:50]}
11. Qxd4 {[%clk 01:29:37]} {[%emt 00:01:36]} Ne7 {[%clk 01:26:45]} {[%emt
00:00:20]} 12. Qf2 {[%clk 01:28:52]} {[%emt 00:01:15]} b5 {[%clk 01:18:45]}
{[%emt 00:08:29]} 13. Be3 {[%clk 01:23:16]} {[%emt 00:06:06]} Bb7 {[%clk
01:17:29]} {[%emt 00:01:47]} 14. Ne2 {[%clk 01:15:14]} {[%emt 00:08:32]} Qd7
{[%clk 01:16:09]} {[%emt 00:01:48]} 15. Nfd4 {[%clk 00:58:44]} {[%emt
00:17:01]} Rc8 {[%clk 01:12:15]} {[%emt 00:04:25]} 16. c3 {[%clk 00:47:58]}
{[%emt 00:11:16]} Nc6 {[%clk 01:11:54]} {[%emt 00:00:50]} 17. Nb3 {[%clk
00:40:43]} {[%emt 00:07:46]} Bf8 {[%clk 01:11:41]} {[%emt 00:00:43]} 18. Rad1
{[%clk 00:36:51]} {[%emt 00:04:21]} a5 {[%clk 01:09:28]} {[%emt 00:02:44]} 19.
g4 {[%clk 00:32:18]} {[%emt 00:05:03]} h5 {[%clk 01:08:42]} {[%emt 00:01:15]}
20. Qh4 {[%clk 00:25:11]} {[%emt 00:07:37]} Be7 {[%clk 01:08:38]} {[%emt
00:00:34]} 21. Qh3 {[%clk 00:25:14]} {[%emt 00:00:27]} a4 {[%clk 01:08:51]}
{[%emt 00:00:18]} 22. Nc5 {[%clk 00:21:39]} {[%emt 00:04:05]} Qc7 {[%clk
01:08:01]} {[%emt 00:01:19]} 23. Nd3 {[%clk 00:15:45]} {[%emt 00:06:24]} g5
{[%clk 01:04:25]} {[%emt 00:04:06]} 24. Nd4 {[%clk 00:12:35]} {[%emt 00:03:41]}
gxf4 {[%clk 00:57:36]} {[%emt 00:07:19]} 25. Rxf4 {[%clk 00:11:59]} {[%emt
00:01:06]} Nxe5 {[%clk 00:56:55]} {[%emt 00:01:10]} 26. Nxb5 {[%clk 00:12:04]}
{[%emt 00:00:25]} Qb8 {[%clk 00:57:13]} {[%emt 00:00:12]} 27. Ba7 {[%clk
00:11:35]} {[%emt 00:00:59]} Qa8 {[%clk 00:54:54]} {[%emt 00:02:49]} 28. Nxe5
{[%clk 00:10:39]} {[%emt 00:01:26]} Ba6 {[%clk 00:55:12]} {[%emt 00:00:12]} 29.
Qd3 {[%clk 00:05:36]} {[%emt 00:05:33]} Qb7 {[%clk 00:53:43]} {[%emt 00:01:59]}
30. Rxf7 {[%clk 00:04:41]} {[%emt 00:01:25]} Bxb5 {[%clk 00:53:29]} {[%emt
00:00:45]} 31. Qd4 {[%clk 00:04:17]} {[%emt 00:00:53]} Rg8 {[%clk 00:50:51]}
{[%emt 00:03:08]} 32. Qf2 {[%clk 00:03:31]} {[%emt 00:01:16]} Rc4 {[%clk
00:44:17]} {[%emt 00:07:04]} 33. Bd4 {[%clk 00:03:24]} {[%emt 00:00:37]} hxg4
{[%clk 00:39:32]} {[%emt 00:05:15]} 34. Nxc4 {[%clk 00:03:05]} {[%emt
00:00:50]} dxc4 {[%clk 00:39:56]} {[%emt 00:00:06]} 35. Bc5 {[%clk 00:02:26]}
{[%emt 00:01:08]} g3 {[%clk 00:38:58]} {[%emt 00:01:29]} 36. hxg3 {[%clk
00:00:50]} {[%emt 00:02:06]} Rxg3+ {[%clk 00:32:45]} {[%emt 00:06:42]} 37. Kh2
{[%clk 00:01:19]} {[%emt 00:00:01]} Bxc5 {[%clk 00:28:54]} {[%emt 00:04:22]}
38. Rxb7 {[%clk 00:01:39]} {[%emt 00:00:10]} Bxf2 {[%clk 00:29:18]} {[%emt
00:00:05]} 39. Rxb5 {[%clk 00:01:56]} {[%emt 00:00:13]} Rd3 {[%clk 00:29:40]}
{[%emt 00:00:07]} 40. Rb8+ {[%clk 00:02:00]} {[%emt 00:00:26]} Kd7 {[%clk
00:28:48]} {[%emt 00:01:23]} 41. Kg2 {[%clk 00:16:47]} {[%emt 00:15:43]}
1/2-1/2